How to Start and Run an Consignment Business (Record no. 5176)

MARC details
000 -LEADER
fixed length control field 00454nam a22001457a 4500
008 - FIXED-LENGTH DATA ELEMENTS--GENERAL INFORMATION
fixed length control field 170303b xxu||||| |||| 00| 0 eng d
020 ## - INTERNATIONAL STANDARD BOOK NUMBER
International Standard Book Number 0-07-226277-x
082 ## - DEWEY DECIMAL CLASSIFICATION NUMBER
Classification number 658.87 MCG
100 ## - MAIN ENTRY--PERSONAL NAME
Personal name MCGRATH Skip
245 ## - TITLE STATEMENT
Title How to Start and Run an Consignment Business
Remainder of title Make Realy Money Selling Other PeoplesStuff
Statement of responsibility, etc. Skip MCGrath
Medium English
260 ## - PUBLICATION, DISTRIBUTION, ETC. (IMPRINT)
Place of publication, distribution, etc. New York
Name of publisher, distributor, etc. McGrawHill
Date of publication, distribution, etc. 2006
300 ## - PHYSICAL DESCRIPTION
Extent 303p
Dimensions 23cm
650 ## - SUBJECT ADDED ENTRY--TOPICAL TERM
Source of heading or term Business Management
942 ## - ADDED ENTRY ELEMENTS (KOHA)
Source of classification or shelving scheme Dewey Decimal Classification
Koha item type BOOKS
Holdings
Withdrawn status Lost status Source of classification or shelving scheme Damaged status Not for loan Home library Current library Date acquired Total Checkouts Full call number Barcode Date last seen Price effective from Koha item type
    Dewey Decimal Classification     Mwanza Mwanza 03/03/2017   658.87 MCG 10000000774 03/03/2017 03/03/2017 BOOKS

IRDP © 2021 :: Managed by ICT Team